000 00347 a2200157 4500
001 44773
020 _a8586295140
040 _cAnchieta - Aquarius
100 _aGuedes, Hardy
240 1 0 _aO bom amigo curupira
_lpor
245 1 0 _aO bom amigo curupira
300 _a24
362 0 _a1999
650 4 _aLiteratura infanto-juvenil
942 _cBK
999 _c44773
_d44773